Ekla chalo re (Record no. 147924)

MARC details
000 -LEADER
fixed length control field 00573nam a2200217Ia 4500
003 - CONTROL NUMBER IDENTIFIER
control field OSt
005 - DATE AND TIME OF LATEST TRANSACTION
control field 20250225091402.0
008 - FIXED-LENGTH DATA ELEMENTS--GENERAL INFORMATION
fixed length control field 210210b1948 xxu||||| |||| 00| 0 eng d
040 ## - CATALOGING SOURCE
Transcribing agency AL
041 ## - LANGUAGE CODE
Language code of text/sound track or separate title Hindi
082 ## - DEWEY DECIMAL CLASSIFICATION NUMBER
Classification number 861/16
100 ## - MAIN ENTRY--PERSONAL NAME
Personal name BHAT (Udayashanker)
Dates associated with a name एकला चलो रे
9 (RLIN) 202403
245 ## - TITLE STATEMENT
Title Ekla chalo re
Remainder of title उदयशंकर भट
260 ## - PUBLICATION, DISTRIBUTION, ETC.
Place of publication, distribution, etc. Dilli
Name of publisher, distributor, etc. Rajkamal Prakashan
Date of publication, distribution, etc. 1948
650 ## - SUBJECT ADDED ENTRY--TOPICAL TERM
Topical term or geographic name entry element re
9 (RLIN) 202404
650 ## - SUBJECT ADDED ENTRY--TOPICAL TERM
Topical term or geographic name entry element Ekla
9 (RLIN) 202405
650 ## - SUBJECT ADDED ENTRY--TOPICAL TERM
Topical term or geographic name entry element chalo
9 (RLIN) 202406
690 ## - LOCAL SUBJECT ADDED ENTRY--TOPICAL TERM (OCLC, RLIN)
Topical term or geographic name as entry element Hindi Poetry
9 (RLIN) 202407
906 ## - LOCAL DATA ELEMENT F, LDF (RLIN)
a 023037
942 ## - ADDED ENTRY ELEMENTS (KOHA)
Source of classification or shelving scheme Dewey Decimal Classification
Koha item type Book
Holdings
Withdrawn status Lost status Source of classification or shelving scheme Damaged status Not for loan Collection code Home library Current library Date acquired Cost, normal purchase price Total Checkouts Full call number Barcode Date last seen Price effective from Koha item type
    Dewey Decimal Classification     Hindi St Aloysius Library St Aloysius Library 02/17/2021 0.00   861/16 023037 02/17/2021 02/17/2021 Book